00329nam a2200109Ia 4500008004100000020001900041040002900060050002400089100004200113245003000155260003400185221021s9999||||xx |||||||||||||| ||und|| a978-0071318310 cChuka University Library aPN 1995b .B67 2013 aBordwell, David,Kristin Thompson.(ed) 0aFilm art:an introduction  aNew YorkbMC Graw -Hillc2013